Conceptual design of chemical processes

Guardat en:
Dades bibliogràfiques
Autor principal: Douglas, James M (Autor)
Format: Llibre
Idioma:anglès
Publicat: Nueva York McGraw-Hill 1988
Edició:1a. ed
Col·lecció:McGraw-Hill Chemical Engineering Series
Matèries:
Etiquetes: Afegir etiqueta
Sense etiquetes, Sigues el primer a etiquetar aquest registre!

MARC

LEADER 00000cam a2200000 a 4500
001 UCV6984
003 CL-VaPUC
008 890607e19880000US |||||||||||||||||eng|d
020 |a 0070177627 
082 0 4 |a 660.281  |b DOU  |2 21 
100 0 |a Douglas, James M  |e author  |9 300966 
245 1 0 |a Conceptual design of chemical processes 
250 |a 1a. ed 
300 |a 601 p 
942 |c BK 
945 |d 19890607 00:00:00 
260 |a Nueva York  |b McGraw-Hill  |c 1988 
650 0 |a Procesos químicos  |9 259436 
650 0 |a Tecnología química   |9 263002 
650 7 |a INGENIERIA QUIMICA  |2 CL-VaPUC  |9 8 
583 |a last modification  |c 20130307 03:25:05  |k Rodrigo Vera 
490 0 |a McGraw-Hill Chemical Engineering Series 
999 |c 212751  |d 212749 
952 |0 0  |1 1  |2 ddc  |4 0  |6 660_281000000000000_DOU_1988  |7 0  |8 A  |9 194314  |a BIBING  |b BIBING  |d 2019-11-14  |i 2625156  |o 660.281 DOU 1988  |p 2625156  |r 2023-03-02  |w 2019-11-14  |y BK  |k EIQ 
952 |0 0  |1 0  |4 0  |6 660_281000000000000_DOU_1988  |7 0  |8 A  |9 194315  |a BIBING  |b BIBING  |d 2019-11-14  |i 3578380  |o 660.281 DOU 1988  |p 3578380  |r 2025-01-20  |w 2019-11-14  |y BK  |k EIQ 
952 |0 0  |1 0  |4 0  |6 660_281000000000000_DOU_1988  |7 0  |8 A  |9 194316  |a BIBING  |b BIBING  |d 2019-11-14  |i 4954599  |o 660.281 DOU 1988  |p 4954599  |r 2025-01-20  |w 2019-11-14  |y BK  |k EIQ